000 00790nam a2200289Ia 4500
005 20260324115007.0
008 008 260324s9999 xx 000 0 eng d
020 _a9781003447740
037 _aEBOOK
040 _aCRL
040 _beng
040 _cCRL
041 _2eng
041 _aeng
084 _qCRL
100 _aJames F. Tweedy; Hilary Lichterman; Kathleen G. Kerr; Keith E. Edwards; Amanda R. Knerr
_91152957
245 4 _aThe Curricular Approach to Student Affairs
245 2 _bA Revolutionary Shift for Learning Beyond the Classroom
260 _bTaylor and Francis
260 _c2020
365 _a
365 _b230
856 _uhttp://www.taylorfrancis.com/books/9781003447740
942 _cEBOOK
999 _c1743491
_d1743491